Tilastot visalle Maailman viljellyimmät hedelmät

Klikkaa tästä pelataksesi tätä visaa!

Yleistilastot

  • Tätä visaa on pelattu 693 kertaa
  • Keskiarvotulos 11 / 17

Vastaustilastot

TuotantoHedelmä% Oikein
121 milj.Banaani
98%
90,5 milj.Omena
98%
76,6 milj.Appelsiini
96%
39,1 milj.Mandariini
94%
25,0 milj.Päärynä
82%
77,0 milj.Viinirypäle
73%
27,2 milj.Ananas
62%
56,7 milj.Mango
61%
102 milj.Vesimeloni
60%
24,3 milj.Persikka / nektariini
56%
20,5 milj.Sitruuna / limetti
56%
8,9 milj.Mansikka
55%
12,1 milj.Luumu
46%
28,2 milj.Meloni / verkkomeloni
43%
9,4 milj.Greippi
41%
14,2 milj.Papaija
23%
9,5 milj.Taateli
19%

Tulosjakauma

Persentiili vastausten määrän mukaan

Jokaisen tuloksen saaneiden osuus

Tuloshistoriasi

Et ole pelannut tätä visaa